Hot N Cold - Katy Perry (All Lyrics) - Statistics

General Stats
  • This quiz has been taken 11,399 times
    355 since last reset
  • The average score is 295 of 359
Answer Stats
Lyrics % Correct
You
100%
you,
100%
you
100%
a
99%
I
99%
your
99%
cold.
97%
hot,
97%
in,
96%
in
96%
no
96%
no.
96%
And
95%
and
95%
out.
95%
up,
95%
up.
95%
yes,
95%
down.
94%
down,
94%
you're
94%
You're
94%
like
91%
then
91%
The
90%
the
90%
change
89%
change.
89%
clothes.
89%
girl
89%
mind
89%
right.
89%
changes
88%
when
88%
wrong,
88%
We
87%
we
87%
it's
86%
It's
86%
make
86%
kiss,
85%
break
82%
fight,
80%
go.
80%
know.
80%
know
80%
black
79%
'Cause
79%
white.
79%
me.
77%
really
72%
Yeah,
72%
don't
70%
for
70%
bitch.
69%
wanna
68%
would
68%
good
65%
be
63%
that
62%
so
61%
stay,
61%
should
57%
to
55%
But
52%
always
50%
not
46%
PMS
45%
gonna
40%
just
40%
used
40%
Used
40%
love
39%
speak
38%
Got
36%
of
35%
on
35%
call
34%
doctor.
34%
now
34%
can't
32%
same
32%
Someone,
32%
boring.
31%
get
31%
this
31%
twins,
31%
bipolar.
30%
sync.
30%
case
29%
energy
29%
overthink,
28%
battery.
26%
coaster.
26%
roller
26%
laugh
25%
dead
24%
off
24%
plain
23%
ride.
23%
Stuck
21%
'bout
17%
nothing,
16%
now's
15%
cryptically.
14%
No matching quizzes found
Score Distribution
Percent of People with Each Score
Percentile by Number Answered
Your Score History
You have not taken this quiz since the last reset